Filmy MCU (Marvel Cinematic Universe) w 6 minut - Statystyki

Ogólne statystyki
  • Ten quiz został rozwiązany 3 450 razy
  • Średni wynik to 11 z 22
Statystyki odpowiedzi
Data premiery Tytuł filmu % Poprawnych
2008 Iron Man
99%
2010 Iron Man 2
69%
2012 Avengers
65%
2011 Thor
63%
2013 Iron Man 3
58%
2008 Niesamowity Hulk
57%
2011 Kapitan Ameryka: Pierwsze starcie
50%
2015 Avengers: Czas Ultrona
49%
2014 Kapitan Ameryka: Zimowy żołnierz
48%
2013 Thor: Mroczny świat
48%
2019 Avengers: Koniec gry
47%
2015 Ant-Man
44%
2014 Strażnicy Galaktyki
44%
2016 Kapitan Ameryka: Wojna bohaterów
43%
2018 Avengers: Wojna bez granic
41%
2019 Kapitan Marvel
40%
2017 Thor: Ragnarok
39%
2018 Czarna Pantera
38%
2018 Ant-Man i Osa
36%
2016 Doktor Strange
35%
2017 Spider Man: Homecoming
35%
2017 Strażnicy Galaktyki vol.2
35%
Nie znaleziono quizów pasujących do podanych kryteriów
Rozkład punktacji
Procent ludzi z każdym wynikiem
Percentyl według liczby udzielonych odpowiedzi
Twoja historia wyników
Nie rozwiązałeś tego quizu